000 00878nas a2200277 4500
001 BR9206772
003 BR-BrBNA
005 20231205092952.0
007 ta
008 230509b bl.|||p| |||| 00| 00por d
040 _aBR-BrBNA
_bpor
_cBiblioteca Nacional de Agricultura
041 _a(Pt)
072 _aL74
100 1 _aMuniz, L.M.R.
100 1 _aDefine, R.M.
100 1 _aMagalhaes, L.M.
100 1 _aKohayagawa, A.
100 1 _aMachado, M.A.
245 1 _aValores de triiodotironina, tiroxina, indice T4(D)-T3(RIA)e colesterol sericos em caes clinicamente normais
650 _aCAO
650 _aSEXO
650 _aTIREOIDE
773 0 _tArquivos da Escola de Veterinaria da Universidade Federal de Minas Gerais (Brazil)
_xISSN 0365-8384
_g(Aug 1980), v. 32(2) p. 183-191
_wBR9206772
909 _a202311
_bLúcia
_c55
_dLúcia Elande
942 _2AGRIS
_n0
_cANA
999 _c135454
_d135454